screening rice varieties for resistastance to brown planthopper and host plant (ពិសោធន៍តាមដានរកពូជស្រូវធន់នឹងការបំផ្លាញរបស់សត្វស្អិតមមាចត្នោត​ និង រុក្ខជាំតិជំរករបស់វា) (Record no. 461)

000 -LEADER
fixed length control field 00694nam a22001577a 4500
003 - CONTROL NUMBER IDENTIFIER
control field OSt
005 - DATE AND TIME OF LATEST TRANSACTION
control field 20150915094139.0
008 - FIXED-LENGTH DATA ELEMENTS--GENERAL INFORMATION
fixed length control field 150915b xxu||||| |||| 00| 0 eng d
040 ## - CATALOGING SOURCE
Transcribing agency RUA
082 ## - DEWEY DECIMAL CLASSIFICATION NUMBER
Classification number AGR SIM 2002 B027 Or.1
100 ## - MAIN ENTRY--PERSONAL NAME
9 (RLIN) 482
Personal name SIM, BORAMY.
245 ## - TITLE STATEMENT
Title screening rice varieties for resistastance to brown planthopper and host plant (ពិសោធន៍តាមដានរកពូជស្រូវធន់នឹងការបំផ្លាញរបស់សត្វស្អិតមមាចត្នោត​ និង រុក្ខជាំតិជំរករបស់វា)
260 ## - PUBLICATION, DISTRIBUTION, ETC. (IMPRINT)
Place of publication, distribution, etc. Phnom Penh
Name of publisher, distributor, etc. RUA
Date of publication, distribution, etc. 2002
300 ## - PHYSICAL DESCRIPTION
Extent 81p.
Other physical details ill.
Dimensions 29cm.
942 ## - ADDED ENTRY ELEMENTS (KOHA)
Source of classification or shelving scheme
Koha item type AGR
Holdings
Price effective from Date last seen Permanent Location Not for loan Date acquired Source of classification or shelving scheme Koha item type Lost status Withdrawn status Date last checked out Total Checkouts Shelving location Damaged status Barcode Current Location Full call number
2015-09-152022-01-05Library Block B 2015-09-15 AGR  2022-01-041B027 RUA002818Library Block BAGR SIM 2002 B027 Or.1
2015-09-152019-11-16Library Block B 2015-09-15 AGR  2019-11-061B027 RUA002746Library Block BAGR SIM 2002 B027 Or.2
2015-09-152019-07-23Library Block B 2015-09-15 AGR  2019-07-051B027 RUA002674Library Block BAGR SIM 2002 B027 Or.3
2016-01-262016-01-26Library Block B 2016-01-26 AGR      RUA44507Library Block BAGR SIM 2002 B027 Or.4
មជ្ឈមណ្ឌលឯការនៃសាកលវិទ្យាល័យភូមិន្ទកសិកម្មចំការដូង

Powered by Koha